[Event "Titled Tuesday intern op 06th Feb Early"]
[Site "Chess.com INT"]
[Date "2024.02.06"]
[Round "3"]
[White "Jumabayev, Rinat"]
[Black "Vestby Ellingsen, Mads"]
[Result "1-0"]
[WhiteElo "2598"]
[BlackElo "2338"]
[PlyCount "97"]
[EventDate "2024.02.06"]
[EventType "swiss (blitz)"]
[EventRounds "11"]
[EventCountry "USA"]
[SourceTitle "CB07_2024"]
[SourceDate "2024.02.14"]
[SourceVersion "1"]
[SourceVersionDate "2024.02.14"]
[SourceQuality "1"]

1. d4 Nf6 2. Nf3 e6 3. Bf4 b6 4. e3 Bb7 5. Bd3 Be7 6. h3 0-0 7. 0-0 c5 8. a4 a6 9. Nbd2 d6 10. Bh2 Nbd7 11. Qe2 Qc7 12. c3 Rfc8 13. e4 cxd4 14. cxd4 Qd8 15. Rad1 Nf8 16. Rfe1 Ng6 17. Bb1 Bc6 18. b3 b5 19. axb5 Bxb5 20. Qe3 Qa5 21. Rc1 Qa3 22. Nc4 Bxc4 23. bxc4 Qxe3 24. fxe3 a5 25. e5 dxe5 26. Nxe5 Bd6 27. Nxg6 Bxh2+ 28. Kxh2 hxg6 29. c5 a4 30. Ba2 a3 31. e4 Ra4 32. d5 Rxe4 33. dxe6 Kf8 34. exf7 Rxe1 35. Rxe1 Rxc5 36. Re3 Ra5 37. g4 g5 38. Kg3 Ra8 39. h4 gxh4+ 40. Kxh4 Nd7 41. Kg5 Nc5 42. Rh3 Ke7 43. Kg6 Rf8 44. Kxg7 Ra8 45. Re3+ Kd6 46. Rxa3 Rf8 47. Kxf8 Nd7+ 48. Kg7 Ne5 49. f8Q+ 1-0

[Event "Titled Tuesday intern op 06th Feb Early"]
[Site "Chess.com INT"]
[Date "2024.02.06"]
[Round "4"]
[White "Vestby Ellingsen, Mads"]
[Black "Koridze, Lile"]
[Result "1-0"]
[WhiteElo "2338"]
[BlackElo "2167"]
[PlyCount "59"]
[EventDate "2024.02.06"]
[EventType "swiss (blitz)"]
[EventRounds "11"]
[EventCountry "USA"]
[SourceTitle "CB07_2024"]
[SourceDate "2024.02.14"]
[SourceVersion "1"]
[SourceVersionDate "2024.02.14"]
[SourceQuality "1"]

1. e4 c5 2. Nf3 d6 3. Bb5+ Nd7 4. 0-0 a6 5. Bd3 Ngf6 6. Re1 g6 7. c3 Bg7 8. Bc2 0-0 9. d4 cxd4 10. cxd4 e6 11. Nc3 b5 12. Bf4 Qe7 13. e5 dxe5 14. dxe5 Nh5 15. Bg5 f6 16. exf6 Ndxf6 17. Bb3 Qf7 18. Ne5 Qa7 19. Be3 Qc7 20. Nd3 b4 21. Na4 Nd5 22. Rc1 Qf7 23. Bc5 Rd8 24. Qe2 Ndf4 25. Nxf4 Nxf4 26. Qe4 Rb8 27. Bb6 Re8 28. Bc7 Nd5 29. Bxd5 Bb7 30. Bxb7 1-0

[Event "Titled Tuesday intern op 06th Feb Early"]
[Site "Chess.com INT"]
[Date "2024.02.06"]
[Round "9"]
[White "Vestby Ellingsen, Mads"]
[Black "Paveto, Kevin"]
[Result "0-1"]
[WhiteElo "2338"]
[BlackElo "2407"]
[PlyCount "94"]
[EventDate "2024.02.06"]
[EventType "swiss (blitz)"]
[EventRounds "11"]
[EventCountry "USA"]
[SourceTitle "CB07_2024"]
[SourceDate "2024.02.14"]
[SourceVersion "1"]
[SourceVersionDate "2024.02.14"]
[SourceQuality "1"]

1. e4 e5 2. Nf3 Nc6 3. d4 exd4 4. Nxd4 Nf6 5. Nc3 Bb4 6. Nxc6 bxc6 7. Bd3 d6 8. 0-0 h6 9. h3 0-0 10. Qf3 Nd7 11. Qg3 Qf6 12. Bd2 Nc5 13. Rae1 Nxd3 14. Qxd3 a5 15. e5 dxe5 16. Ne4 Qg6 17. b3 Bf5 18. Bxb4 axb4 19. Qc4 Rxa2 20. Qxb4 Rxc2 21. Ng3 Bd3 22. Rxe5 Bxf1 23. Nxf1 Rc1 24. Qd2 Qb1 25. Kh2 Rxf1 26. Qd4 Rh1+ 27. Kg3 Qg6+ 28. Kf3 Qd6 29. Qe3 Rd1 30. Ke2 Rd5 31. Re4 Rd8 32. g3 Rd1 33. h4 Qd2+ 34. Kf3 Qxe3+ 35. fxe3 Rb8 36. Rc4 Rxb3 37. Rxc6 Rdd3 38. Rxc7 Rxe3+ 39. Kg4 Rxg3+ 40. Kf4 Rbf3+ 41. Ke4 Rf6 42. Rc8+ Kh7 43. h5 Rg4+ 44. Ke3 Rg5 45. Rc4 Rxh5 46. Rg4 Rg5 47. Rh4 h5 0-1

[Event "Hastings Masters op"]
[Site "Hastings"]
[Date "2024.01.03"]
[Round "7"]
[White "Vestby Ellingsen, Mads"]
[Black "Boyer, Mahel"]
[Result "1-0"]
[WhiteElo "2329"]
[BlackElo "2427"]
[PlyCount "105"]
[EventDate "2023.12.28"]
[EventType "swiss"]
[EventRounds "9"]
[EventCountry "ENG"]
[SourceTitle "CB02_2024"]
[SourceDate "2024.01.10"]
[SourceVersion "1"]
[SourceVersionDate "2024.01.10"]
[SourceQuality "1"]

1. e4 c6 2. d4 d5 3. Nc3 dxe4 4. Nxe4 Nf6 5. Nxf6+ exf6 6. Be3 Na6 7. a3 Nc7 8. Bd3 Qd5 9. Qf3 Qxf3 10. Nxf3 Bg4 11. Nh4 Nd5 12. Bd2 0-0-0 13. 0-0 Bd6 14. g3 g6 15. Rfe1 Rhe8 16. Kg2 Be6 17. Nf3 h5 18. c4 Ne7 19. Bc3 g5 20. Rad1 Bc7 21. b3 h4 22. Rd2 h3+ 23. Kf1 Bb6 24. d5 cxd5 25. c5 Bxc5 26. Bxf6 Bxa3 27. Rc2+ Kb8 28. Nxg5 Bb4 29. Nxe6 fxe6 30. Rxe6 Nc6 31. Rce2 Rxe6 32. Rxe6 Rf8 33. g4 Nd8 34. Be5+ Kc8 35. Rf6 Kd7 36. Bf5+ Ke7 37. g5 Nc6 38. Rxf8 Kxf8 39. Bb2 d4 40. Ke2 Bd6 41. Bxh3 Bxh2 42. Kf3 Ke7 43. Ke4 Bg1 44. f4 Be3 45. Bf1 Kf7 46. Bb5 Na5 47. b4 a6 48. Bxa6 bxa6 49. bxa5 Bd2 50. Bxd4 Bxa5 51. f5 Bb4 52. g6+ Ke7 53. Kd5 1-0